Contemporary issues in law enforcement /

Bibliographic Details
Other Authors: Fyfe, James J.
Format: Book
Language:English
Published: Beverly Hills : Published in cooperation with the American Society of Criminology [by] Sage Publications, [1981]
Series:Sage research progress series in criminology ; v. 20.
Subjects:

MARC

Tag First Indicator Second Indicator Subfields
LEADER 00000pam a2200000 a 4500
001 in00000088300
005 20151008063128.0
008 810623s1981 cau b 00000 eng
010 |a  81009144  
020 |a 0803916922 
020 |a 0803916930 (pbk.) 
035 |a (OCoLC)07596675 
035 |9 AAK1639AM 
039 0 |a 2  |b 3  |c 3  |d 3  |e 3 
040 |a DLC  |c DLC  |d TXA  |d UtOrBLW 
043 |a n-us--- 
049 |a TXAM  |c [985707] 
050 0 0 |a HV7561  |b  C6 
082 0 |a 363.2/3/0973  |2 19 
245 0 0 |a Contemporary issues in law enforcement /  |c edited by James J. Fyfe. 
264 1 |a Beverly Hills :  |b Published in cooperation with the American Society of Criminology [by] Sage Publications,  |c [1981] 
264 4 |c ©1981 
300 |a 168 pages ;  |c 23 cm. 
336 |a text  |b txt  |2 rdacontent 
337 |a unmediated  |b n  |2 rdamedia 
338 |a volume  |b nc  |2 rdacarrier 
490 1 |a Sage research progress series in criminology ;  |v v. 20504 Includes bibliographies 
650 0 |a Law enforcement  |z United States. 
650 0 |a Police  |z United States  |x Public opinion. 
650 0 |a Law enforcement  |z United States  |x Public opinion. 
650 0 |a Public opinion  |z United States. 
700 1 |a Fyfe, James J. 
830 0 |a Sage research progress series in criminology ;  |v v. 20. 
999 |a MARS 
999 f f |s d1acc7bd-3ba1-34fb-94df-7186626afc9c  |i 4fb93cf6-efab-34bc-ba9b-14506f94a5c5  |t 0 
952 f f |p ric  |a Texas A&M University  |b Rellis Campus  |c Joint Library Facility  |s JLF  |d Remote Storage  |t 0  |e HV7561 C6  |h Library of Congress classification  |i unmediated -- volume  |m A14805984769 
998 f f |a HV7561 C6  |t 0  |l Remote Storage